00623nam a2200205Ia 4500001001000000003000500010008004100015010001100056040000900067082002000076100002100096245006700117260009500184300001000279440001800289500004600307650002200353650001700375650002500392Para_6951CHAP220125s1940 xx 000 0 und d a205670 cCHAP aPA-C 633.34 A85 aMcClelland, C.K. aMethods and rates of planting soybeans /c by C.K. McClelland aArkansas :b University of Arkansas College of Agriculture Agricultural Experiment Station a18 p. aBulletin; 390 aEncuadernado con otros impresos similares aSoya x analisis  aSoya x EUA  aSoya x mejoramiento